MARC

LEADER 00000nam0a2200000 4500
001 315045
005 20231102002734.0
035 |a (RuTPU)RU\TPU\book\340478 
090 |a 315045 
100 |a 20160224d1981 m y0rusy5003 ca 
101 0 |a rus 
102 |a RU 
105 |a y j 001zy 
200 1 |a Изометрические представления и дифференциальные неравенства  |e учебное пособие  |f Ю. А. Брудный, Е. А. Горин  |g Ярославский государственный университет им. П. Г. Демидова (ЯрГУ) 
210 |a Ярославль  |c Изд-во ЯрГУ  |d 1981 
215 |a 92 с. 
320 |a Библиогр.: с. 90 
606 1 |a Метрическая теория функций  |2 stltpush  |3 (RuTPU)RU\TPU\subj\72596  |9 86037 
610 1 |a аналитические функции 
610 1 |a целые функции 
610 1 |a специальные классы 
610 1 |a поточечные дифференциальные неравенства 
610 1 |a банаховы алгебры 
610 1 |a учебные пособия 
675 |a 517.518(075.8)  |v 4 
700 1 |a Брудный  |b Ю. А.  |g Юрий Абрамович 
701 1 |a Горин  |b Е. А.  |g Евгений Алексеевич 
712 0 2 |a Ярославский государственный университет им. П. Г. Демидова (ЯрГУ)  |2 stltpush  |3 (RuTPU)RU\TPU\col\190 
801 0 |a RU  |b RuMRKP  |c 19950704  |g psbo 
801 1 |a RU  |b 63413507  |c 20160224 
801 2 |a RU  |b 63413507  |c 20200529  |g RCR 
942 |c BK